Pays revendiquant l'Antarctique - Statistiques

Statistiques générales
  • Ce quiz a été pris 89 fois
  • Le résultat moyen est 6 sur 7
Statistiques - réponses
Date de revendication Pays % Correct
1924 France
96%
1908 Royaume uni
89%
1943 Argentine
88%
1933 Australie
88%
1940 Chili
81%
1923 Nouvelle zélande
77%
1929 Norvège
67%
Aucun quiz correspondant
Distribution des résultats
% des personnes avec chaque résultat
Percentile par nombre de réponses
Votre historique - résultats
Vous n’avez pas pris ce quiz